000 00617nam a2200181 a 4500
001 000042726
005 20201002040342.0
008 140206s1971 sp 000 0 spa d
040 _aDO-SdBNP
_bspa
_cBNPHU
100 1 _aHesse, José.
_96736
245 1 0 _aBreve historia del teatro soviético /
_cJosé Hesse.
260 _aMadrid :
_bAlianza Editorial,
_c1971.
300 _a186 p. ;
_c18 cm.
490 1 _aLibro de bolsillo
_aliteratura
_v299
500 _aBibliografía : p. 183
500 _aIncluye referencias bibliográficas y notas al pie de las páginas
830 0 _aLibro de bolsillo
_pliteratura
_n299
_970041
999 _c42215
_d42215